1323 1571 1382 1927 1436 1019 1643 1046 1275 1560 1411 1155 1281 1782 1317 1891 1548 1011 1533 1798 1436 1973 1891 1846 1689 1998 1946 1998 1569 1862 1381 1526 1213 1860 1475 1717 1474 1990 1708 1531 1240 1496 1682 1413 1273 1137 1026 1583 1200 1988 1099 1586 1393 1939 1411 1497 1999 1837 1487 1932 1524 1414 1732 1792 1440 1606 1483 1112 1768 1976 1521 1830 1466 1199 1916 1714 1200 1992 1124 1863 1561 1103 1661 1920 1267 1608 1368 1306 1103 1788 1638 1458 1628 1770 1232 1317 1101 1838 1637 BCNSPRNW ULIB Ver.6.0+V

เปลี่ยนเป็นภาษาไทย

Change to English
 แสดงรายละเอียดบรรณานุกรม
  กลับหน้าหลัก

Brief Record : Get Marc (ISO 2709) : E-mail record : QR code < ปิดหน้าต่าง
LEADER : 00000nam 2200000uu 4500
001    13399120637
003     ULIB
008    020711s2549 th a 000 0 tha d
020    9789749497319
020    9749497317
050  4 ^aAC158^bม867ป
100    แมททิว เรมอนด์ โคล
245    เอ็กโพลซายน์ = ^b Exoplore science ตอน Physical/ ^c แมททิว เรมอนด์ โคล ; เชิญโชค ศรขวัญ, บรรณาธิการ
250    พิมพ์ครั้งที่ 2
260    กรุงเทพฯ :^bเพียร์สัน เอ็ดดูเคชั่น อินโดไชน่า,^c2549
300    139 หน้า
650    วิทยาศาสตร์^xฟิสิก
650    Physical
650  0 ^aฟิสิก
700    เชิญโชค ศรขวัญ,^eบรรณาธิการ
945    ^p500^l0^i17788
999    ^aทศพร เกษรทอง
รายการนี้ยังไม่มีแท็ก
คุณยังไม่ได้ล็อกอิน คุณสามารถมีกิจกรรมร่วมกับเว็บไซต์ได้ แต่ต้องล็อกอินก่อน ::
  ล็อกอิน

รายการสื่อสารสนเทศ

ลำดับที่ ประเภท เลขเรียก/บาร์โค้ด สถานที่ สถานะ
1. วิทยาศาสตร์การแพทย์ และสุขภาพ
วิทยาศาสตร์การแพทย์ และสุขภาพ
AC158 ม867ป ฉ.1 
  Barcode: 17788
ห้องสมุดวิทยาเขตสวรรค์ประชารักษ์
►หนังสือทั่วไป
บนชั้น

รายการใกล้เคียง
    ผู้แต่ง [แมททิว เรมอนด์ โคล]

    หัวเรื่อง [Physical]
    หัวเรื่อง [ฟิสิก]

BibComment


ยังไม่เคยถูกคอมเมนท์

คอมเมนท์ทรัพยากรรายการนี้
  คอมเมนท์: เอ็กโพลซายน์ E..


 Copyright 2026. Bcnsprnw @Library